[Event "ENCI Limburg-open B"]
[Site "Maastricht"]
[Date "2010.05.21"]
[Round "1"]
[White "Coenen, Bert"]
[Black "Cebula, Jerzy"]
[Result "0-1"]
[WhiteElo "1844"]
[BlackElo "2018"]
[PlyCount "54"]
[EventDate "2010.05.21"]
[EventType "swiss"]
[EventRounds "7"]
[EventCountry "NED"]
[Source "P.Boonen"]
[SourceDate "2010.10.01"]

1. d4 Nf6 2. Bg5 Ne4 3. Bf4 c5 4. f3 Nf6 5. d5 Qb6 6. Bc1 d6 7. e4 g6 8. c4 Bg7
9. Ne2 O-O 10. Nec3 Na6 11. a3 Bd7 12. Bd3 e6 13. Qe2 exd5 14. cxd5 Nc7 15. Nd2
Rfe8 16. Nc4 Qa6 17. Ne5 Qa5 18. Nc4 Qa6 19. Ne5 b5 20. Nxd7 Nxd7 21. Be3 Qa5
22. O-O a6 23. Qd2 Rab8 24. Rfb1 Qb6 25. b4 Bxc3 26. Qxc3 Nxd5 27. exd5 Rxe3
0-1

[Event "ENCI Limburg-open B"]
[Site "Maastricht"]
[Date "2010.05.21"]
[Round "1"]
[White "De Ridder, Naomi"]
[Black "De Ridder, Dieter"]
[Result "0-1"]
[WhiteElo "1799"]
[BlackElo "1965"]
[PlyCount "70"]
[EventDate "2010.05.21"]
[EventType "swiss"]
[EventRounds "7"]
[EventCountry "NED"]
[Source "P.Boonen"]
[SourceDate "2010.10.01"]

1. e4 e6 2. d4 d5 3. Nc3 Nf6 4. e5 Nfd7 5. Nf3 c5 6. Be3 Nc6 7. Bb5 cxd4 8.
Bxd4 Nxd4 9. Qxd4 Qc7 10. O-O Bc5 11. Qg4 O-O 12. Rae1 f5 13. Qh4 Nb6 14. Nd4
Qe7 15. Qxe7 Bxe7 16. Nce2 a6 17. Bd3 Bd7 18. Nf4 Kf7 19. Re3 g5 20. Nh3 Rac8
21. f4 g4 22. Nf2 Nc4 23. Bxc4 Rxc4 24. c3 Rfc8 25. h3 h5 26. hxg4 hxg4 27. g3
Bc5 28. Rd3 Bxd4 29. cxd4 Rc2 30. Rb3 Bb5 31. Rd1 R8c7 32. Kg2 Be2 33. Re1 Bc4
34. Rc3 Rxb2 35. Rcc1 Rxa2 0-1

[Event "ENCI Limburg-open B"]
[Site "Maastricht"]
[Date "2010.05.21"]
[Round "1"]
[White "De Strycker, Nathan"]
[Black "Klein, Gernot"]
[Result "0-1"]
[WhiteElo "1753"]
[BlackElo "1903"]
[PlyCount "100"]
[EventDate "2010.05.21"]
[EventType "swiss"]
[EventRounds "7"]
[EventCountry "NED"]
[Source "P.Boonen"]
[SourceDate "2010.10.01"]

1. d4 d5 2. c4 e6 3. Nc3 c6 4. Nf3 dxc4 5. e4 b5 6. a4 Bb4 7. Bd2 a5 8. axb5
Bxc3 9. Bxc3 cxb5 10. b3 Bb7 11. d5 Nf6 12. Bxf6 Qxf6 13. bxc4 Qc3+ 14. Nd2 b4
15. Rc1 Qd4 16. Qf3 O-O 17. Bd3 Nd7 18. Qe3 Qxe3+ 19. fxe3 Nc5 20. Ke2 a4 21.
Ra1 Rfd8 22. Rhd1 Ba6 23. g3 Nxd3 24. Kxd3 exd5 25. exd5 Rxd5+ 26. Ke4 Rd7 27.
Kf3 Bb7+ 28. Ke2 b3 29. Ra3 Bc6 30. Rb1 Rad8 31. Rb2 Re7 32. Nxb3 axb3 33.
Raxb3 Rde8 34. Rc3 Rb7 35. Rd2 h6 36. Ra3 Rb4 37. Rd4 Rb2+ 38. Kd3 Rxh2 39. Ra6
Bf3 40. Rd7 Be4+ 41. Kc3 Rc2+ 42. Kb4 Bg6 43. Rc7 Rxe3 44. Ra8+ Kh7 45. Rcc8
Bf5 46. Rh8+ Kg6 47. Ra6+ Be6 48. Rc8 Rb2+ 49. Kc5 Rxg3 50. Rcc6 h5 0-1

[Event "ENCI Limburg-open B"]
[Site "Maastricht"]
[Date "2010.05.21"]
[Round "1"]
[White "De Wit, Albert"]
[Black "Erin, Igor"]
[Result "1-0"]
[WhiteElo "1955"]
[BlackElo "1794"]
[PlyCount "53"]
[EventDate "2010.05.21"]
[EventType "swiss"]
[EventRounds "7"]
[EventCountry "NED"]
[Source "P.Boonen"]
[SourceDate "2010.10.01"]

1. e4 g6 2. d4 Bg7 3. Nc3 d6 4. Be3 Nf6 5. Qd2 Ng4 6. Bg5 h6 7. Bh4 O-O 8. f4
c6 9. Nf3 b5 10. e5 dxe5 11. fxe5 h5 12. a4 b4 13. Ne4 a5 14. Bc4 Nd7 15. e6
Nb6 16. exf7+ Kh8 17. Bb3 Nd5 18. Neg5 Qd6 19. Bg3 Qd8 20. Nh4 Bf5 21. O-O Bh6
22. Rxf5 gxf5 23. Nxf5 Nde3 24. Nxh6 e5 25. Qxe3 Qxd4 26. Qxd4 exd4 27. Nxg4
1-0

[Event "ENCI Limburg-open B"]
[Site "Maastricht"]
[Date "2010.05.21"]
[Round "1"]
[White "Demarre, Jan"]
[Black "Kuck, Ulrich"]
[Result "0-1"]
[WhiteElo "1783"]
[BlackElo "1951"]
[PlyCount "50"]
[EventDate "2010.05.21"]
[EventType "swiss"]
[EventRounds "7"]
[EventCountry "NED"]
[Source "P.Boonen"]
[SourceDate "2010.10.01"]

1. e4 d5 2. exd5 Nf6 3. Bb5+ Bd7 4. Bc4 Bg4 5. f3 Bf5 6. Nc3 Nbd7 7. d4 Nb6 8.
Bb5+ Bd7 9. Nge2 Nbxd5 10. Bxd7+ Qxd7 11. Nxd5 Qxd5 12. O-O O-O-O 13. c3 e5 14.
Qa4 a6 15. Be3 exd4 16. Bxd4 Bd6 17. Bf2 h5 18. Rfe1 h4 19. Bxh4 Bxh2+ 20. Kxh2
g5 21. Qb3 Rxh4+ 22. Kg1 Qd2 23. g3 Rh7 24. Rad1 Qe3+ 25. Kg2 Rdh8 0-1

[Event "ENCI Limburg-open B"]
[Site "Maastricht"]
[Date "2010.05.21"]
[Round "1"]
[White "Dittmar, Thomas"]
[Black "Sharifi, Ashkan"]
[Result "1-0"]
[WhiteElo "1969"]
[BlackElo "1817"]
[PlyCount "79"]
[EventDate "2010.05.21"]
[EventType "swiss"]
[EventRounds "7"]
[EventCountry "NED"]
[Source "P.Boonen"]
[SourceDate "2010.10.01"]

1. d4 Nf6 2. Nf3 g6 3. c4 Bg7 4. Nc3 O-O 5. e4 d6 6. Be2 Nc6 7. d5 Nb8 8. Bg5
Nbd7 9. Nd2 h6 10. Be3 e5 11. a3 c6 12. O-O Nh7 13. b4 f5 14. f3 Ndf6 15. c5
cxd5 16. exd5 Re8 17. Rc1 f4 18. Bf2 Bf5 19. Bb5 Rf8 20. Re1 Ng5 21. cxd6 Nf7
22. Nde4 Bxe4 23. Nxe4 Nxe4 24. fxe4 Nxd6 25. Bf1 Qd7 26. Qf3 g5 27. h3 b6 28.
Rc6 Rac8 29. Rec1 h5 30. Qxh5 Nxe4 31. Bd3 Rxc6 32. Rxc6 Nf6 33. Qxg5 Nxd5 34.
Rg6 Rc8 35. Bf5 Rc1+ 36. Kh2 Qe7 37. Be6+ Kf8 38. Bxd5 Qxg5 39. Rxg5 Rd1 40.
Rf5+ 1-0

[Event "ENCI Limburg-open B"]
[Site "Maastricht"]
[Date "2010.05.21"]
[Round "1"]
[White "Ducarmon, Renzo"]
[Black "Hauglustaine, Sander"]
[Result "0-1"]
[WhiteElo "1922"]
[BlackElo "1782"]
[PlyCount "82"]
[EventDate "2010.05.21"]
[EventType "swiss"]
[EventRounds "7"]
[EventCountry "NED"]
[Source "P.Boonen"]
[SourceDate "2010.10.01"]

1. e4 c5 2. Nc3 Nc6 3. f4 g6 4. Nf3 Bg7 5. Bc4 e6 6. O-O Nge7 7. d3 O-O 8. Qe1
d5 9. Bb3 Na5 10. a4 Nxb3 11. cxb3 Nc6 12. Qg3 Nb4 13. Ne1 b6 14. Kh1 Ba6 15.
Rf3 Qe7 16. f5 d4 17. Nd1 exf5 18. Nf2 Bb7 19. Bf4 Rfe8 20. Bd6 Qe6 21. Nh3 Be5
22. Bxe5 Qxe5 23. Qh4 Kg7 24. Ng5 h6 25. Nh3 fxe4 26. dxe4 Bxe4 27. Rf1 Re6 28.
Nf3 Bxf3 29. Rxf3 Nd5 30. Raf1 f6 31. Rg3 g5 32. Qh5 Nf4 33. Qf3 Nd5 34. Qh5
Rf8 35. Kg1 Qe4 36. Nf2 Qg6 37. Qf3 Nf4 38. Kh1 Re3 39. Qb7+ Rf7 40. Qb8 Rxg3
41. hxg3 Qh5+ 0-1

[Event "ENCI Limburg-open B"]
[Site "Maastricht"]
[Date "2010.05.21"]
[Round "1"]
[White "Eijk, Yuri"]
[Black "Van Herck, Rob"]
[Result "1-0"]
[WhiteElo "1966"]
[BlackElo "1809"]
[PlyCount "47"]
[EventDate "2010.05.21"]
[EventType "swiss"]
[EventRounds "7"]
[EventCountry "NED"]
[Source "P.Boonen"]
[SourceDate "2010.10.01"]

1. d4 Nf6 2. c4 g6 3. Nc3 Bg7 4. e4 d6 5. Nf3 O-O 6. Be2 e5 7. O-O Nc6 8. d5
Ne7 9. b4 a5 10. Ba3 Nh5 11. Re1 f5 12. Nd2 Nf6 13. bxa5 Rxa5 14. Bb4 Ra8 15.
c5 fxe4 16. cxd6 cxd6 17. Ndxe4 Nf5 18. a4 Qb6 19. Rb1 Nxe4 20. Nxe4 Qa7 21.
Bb5 Bh6 22. Rf1 Rd8 23. Qc2 Nd4 24. Qc7 1-0

[Event "ENCI Limburg-open B"]
[Site "Maastricht"]
[Date "2010.05.21"]
[Round "1"]
[White "Geboers, Jimmy"]
[Black "Moog, Gerhard"]
[Result "0-1"]
[WhiteElo "1977"]
[BlackElo "1821"]
[PlyCount "58"]
[EventDate "2010.05.21"]
[EventType "swiss"]
[EventRounds "7"]
[EventCountry "NED"]
[Source "P.Boonen"]
[SourceDate "2010.10.01"]

1. d4 d5 2. c4 Nc6 3. Nc3 e6 4. Nf3 Nf6 5. Bg5 Be7 6. cxd5 exd5 7. Qb3 Ng8 8.
Bf4 Bb4 9. e3 Nge7 10. Bb5 a6 11. Bd3 f6 12. O-O-O Bxc3 13. bxc3 Na5 14. Qc2 g6
15. Nd2 b5 16. h4 Be6 17. h5 g5 18. Bg3 h6 19. Bg6+ Kf8 20. e4 c6 21. f4 Nxg6
22. hxg6 gxf4 23. Bxf4 Kg7 24. exd5 Qxd5 25. Bxh6+ Rxh6 26. Rxh6 Kxh6 27. Rh1+
Kg7 28. Rh7+ Kg8 29. g7 Bf5 0-1

[Event "ENCI Limburg-open B"]
[Site "Maastricht"]
[Date "2010.05.21"]
[Round "1"]
[White "Geib, Volker"]
[Black "Stern, Geoffrey"]
[Result "1/2-1/2"]
[WhiteElo "1799"]
[BlackElo "1956"]
[PlyCount "71"]
[EventDate "2010.05.21"]
[EventType "swiss"]
[EventRounds "7"]
[EventCountry "NED"]
[Source "P.Boonen"]
[SourceDate "2010.10.01"]

1. Nc3 Nf6 2. d4 e6 3. Nf3 Be7 4. Bg5 d6 5. e4 c5 6. d5 e5 7. Be2 O-O 8. O-O a6
9. Bxf6 Bxf6 10. a4 Nd7 11. Nd2 g6 12. Nc4 Nb6 13. Na3 Bd7 14. b3 Bg7 15. a5
Nc8 16. Nc4 f5 17. exf5 Bxf5 18. Qd2 Qf6 19. Rae1 h5 20. Bd3 Kh7 21. Ne4 Bxe4
22. Bxe4 Ne7 23. Qd3 Rad8 24. Re3 Bh6 25. Rf3 Qg5 26. Rxf8 Bxf8 27. h3 Rd7 28.
Nd2 Bh6 29. Rd1 Nf5 30. Nf3 Qf6 31. c3 Rf7 32. Rb1 Kg7 33. Qe2 Nh4 34. b4 Nxf3+
35. Bxf3 cxb4 36. Rxb4 1/2-1/2

[Event "ENCI Limburg-open B"]
[Site "Maastricht"]
[Date "2010.05.21"]
[Round "1"]
[White "Gendarme, Pierre"]
[Black "Blijlevens, Pim"]
[Result "0-1"]
[WhiteElo "1760"]
[BlackElo "1908"]
[PlyCount "78"]
[EventDate "2010.05.21"]
[EventType "swiss"]
[EventRounds "7"]
[EventCountry "NED"]
[Source "P.Boonen"]
[SourceDate "2010.10.01"]

1. e4 c6 2. d4 d5 3. e5 c5 4. c3 e6 5. Nf3 Nc6 6. a3 f6 7. Bd3 c4 8. Bc2 Qc7 9.
Bf4 fxe5 10. Nxe5 Nxe5 11. Bxe5 Qf7 12. Nd2 Nh6 13. Nf3 Be7 14. Bg3 O-O 15. h4
Qh5 16. Ng5 Qxd1+ 17. Rxd1 Nf5 18. Be5 h6 19. Nf3 Bd7 20. Ke2 a5 21. g4 Nd6 22.
Bg6 Nf7 23. Rdg1 Nxe5 24. Nxe5 Be8 25. h5 Bd6 26. Nf3 Bxg6 27. hxg6 Bf4 28. g5
Ra6 29. gxh6 gxh6 30. Ne5 Bxe5 31. dxe5 Kg7 32. Ke3 Rb6 33. Rg3 Rxb2 34. Rgh3
Rc2 35. Kd4 b6 36. Rxh6 Rf4+ 37. Ke3 Re4+ 38. Kf3 Rxc3+ 39. Kg2 Rg4+ 0-1

[Event "ENCI Limburg-open B"]
[Site "Maastricht"]
[Date "2010.05.21"]
[Round "1"]
[White "Gunther, Marcella"]
[Black "Verhelst, Henk"]
[Result "1-0"]
[WhiteElo "1881"]
[BlackElo "1710"]
[PlyCount "65"]
[EventDate "2010.05.21"]
[EventType "swiss"]
[EventRounds "7"]
[EventCountry "NED"]
[Source "P.Boonen"]
[SourceDate "2010.10.01"]

1. e4 e5 2. Nf3 Nf6 3. d4 Nxe4 4. Bd3 d5 5. Nxe5 g6 6. O-O Bg7 7. Nd2 Nd6 8.
Re1 O-O 9. Nb3 Bf5 10. Nf3 Nc6 11. Bf4 Bg4 12. c3 a6 13. Nbd2 Qd7 14. Qc2 Bxf3
15. Nxf3 Rae8 16. h3 b5 17. a3 Qd8 18. Qd2 Ne4 19. Qc2 Nf6 20. a4 b4 21. Bxa6
bxc3 22. bxc3 Ne4 23. Reb1 Qf6 24. Bb5 Re6 25. Bxc7 Rc8 26. Bb6 Nxc3 27. Qxc3
Na7 28. Bc5 Qf4 29. Bd7 Rxc5 30. Qxc5 Re2 31. Qxa7 Qe4 32. Rb8+ Bf8 33. Qa8 1-0

[Event "ENCI Limburg-open B"]
[Site "Maastricht"]
[Date "2010.05.21"]
[Round "1"]
[White "Hill, Nick"]
[Black "Singh, Marcel"]
[Result "0-1"]
[WhiteElo "1773"]
[BlackElo "1917"]
[PlyCount "113"]
[EventDate "2010.05.21"]
[EventType "swiss"]
[EventRounds "7"]
[EventCountry "NED"]
[Source "P.Boonen"]
[SourceDate "2010.10.01"]

1. d4 e5 2. dxe5 Nc6 3. Nf3 Qe7 4. Nc3 Nxe5 5. e4 Nxf3+ 6. Qxf3 Qf6 7. Be2 Bb4
8. Bd2 Qxf3 9. Bxf3 Ne7 10. O-O O-O 11. a3 Ba5 12. b4 Bb6 13. Nd5 Nxd5 14. exd5
Bd4 15. Rad1 d6 16. c3 Bf6 17. c4 Bf5 18. Be3 a5 19. b5 b6 20. Bd4 Bxd4 21.
Rxd4 Rfe8 22. h4 h6 23. g4 Bg6 24. Kh2 Re5 25. Kg3 Rae8 26. Rc1 Re1 27. Rc3 Kf8
28. Kg2 f6 29. Kg3 Kf7 30. Kg2 Bb1 31. Kg3 Rg1+ 32. Kh2 Ree1 33. Re3 Rxe3 34.
fxe3 Re1 35. Be4 Ba2 36. h5 Rxe3 37. Bg6+ Ke7 38. Kg2 Bb3 39. Kf2 Re5 40. Kf3
Re1 41. Kf2 Re5 42. Bb1 f5 43. Bxf5 Kf6 44. Bb1 Kg5 45. Bg6 Re7 46. Bf5 Rf7 47.
Kg3 Re7 48. Kf2 Re5 49. Bg6 Kh4 50. Bb1 Re8 51. Bf5 Rf8 52. Kg2 Rf7 53. Bg6 Re7
54. Kf2 Ba2 55. Bd3 Kg5 56. Bc2 Re5 57. Bh7 {.....} 0-1

[Event "ENCI Limburg-open B"]
[Site "Maastricht"]
[Date "2010.05.21"]
[Round "1"]
[White "Holwijn, Melvin"]
[Black "Vansteenkiste, Luc"]
[Result "1-0"]
[WhiteElo "2021"]
[BlackElo "1854"]
[PlyCount "115"]
[EventDate "2010.05.21"]
[EventType "swiss"]
[EventRounds "7"]
[EventCountry "NED"]
[Source "P.Boonen"]
[SourceDate "2010.10.01"]

1. d4 f5 2. g3 d6 3. Bg2 Nf6 4. Nf3 g6 5. O-O Bg7 6. c4 O-O 7. Nc3 Nc6 8. d5
Ne5 9. Nxe5 dxe5 10. e4 f4 11. f3 g5 12. Ne2 Kh8 13. Bd2 Qd6 14. Qc2 Ne8 15. c5
Qg6 16. Rac1 g4 17. gxf4 gxf3 18. Rxf3 Bg4 19. Rg3 Qh5 20. Re1 Bxe2 21. Rg5 Qh4
22. Rxe2 exf4 23. Rf5 Rxf5 24. exf5 Nf6 25. Qc4 Bh6 26. Bc3 Rg8 27. Qe4 Rg7 28.
Qf3 Kg8 29. Re6 Qg5 30. Bxf6 exf6 31. Qe4 Rf7 32. Re8+ Kg7 33. b4 a5 34. Rb8 f3
35. Qxf3 Qc1+ 36. Bf1 Qe3+ 37. Kg2 axb4 38. Qg4+ Qg5 39. Qxg5+ Bxg5 40. Rxb7
Bd2 41. c6 Bf4 42. Rxb4 Bd6 43. Rb5 Re7 44. a4 Re4 45. Ra5 Rd4 46. h3 Kf7 47.
Be2 Ke7 48. Bf3 Rc4 49. Ra8 Rc2+ 50. Kf1 Ra2 51. a5 Bb4 52. Be2 Kd6 53. Rd8+
Ke5 54. a6 Kxf5 55. d6 Kf4 56. dxc7 Ke3 57. c8=Q Ra1+ 58. Rd1 1-0

[Event "ENCI Limburg-open B"]
[Site "Maastricht"]
[Date "2010.05.21"]
[Round "1"]
[White "Ibrahim, Ashraf"]
[Black "Goes, Dirk"]
[Result "0-1"]
[WhiteElo "1819"]
[BlackElo "1971"]
[PlyCount "106"]
[EventDate "2010.05.21"]
[EventType "swiss"]
[EventRounds "7"]
[EventCountry "NED"]
[Source "P.Boonen"]
[SourceDate "2010.10.01"]

1. d4 e6 2. c4 b6 3. Nc3 Bb4 4. Nf3 Bb7 5. a3 Bxc3+ 6. bxc3 f5 7. a4 Nf6 8. Ba3
Ne4 9. Qb3 Nc6 10. g3 Na5 11. Qb4 c5 12. dxc5 bxc5 13. Qb2 Rb8 14. Bg2 Nxc4 15.
Qc2 Qa5 16. O-O Bc6 17. Rfc1 d5 18. Ne1 O-O 19. Nd3 Nxa3 20. Rxa3 c4 21. Ne5
Qc5 22. Nxc6 Qxa3 23. Nxb8 Rxb8 24. Bxe4 Rb2 25. Bxd5 Rxc2 26. Bxe6+ Kf8 27.
Rxc2 Qd6 28. Bxf5 Qd1+ 29. Kg2 Qd5+ 30. e4 Qd3 31. Rb2 g6 32. Rb8+ Kg7 33. Rb7+
Kh6 34. Bg4 a5 35. Bf3 Qxc3 36. h4 Qe5 37. g4 g5 38. hxg5+ Qxg5 39. Rb5 Qd2 40.
Rb6+ Kg7 41. e5 c3 42. Rd6 Qe1 43. Rd7+ Kf8 44. Rd8+ Ke7 45. Rc8 Qxe5 46. Rc4
Kf6 47. Rc6+ Kg5 48. Rc4 Qe1 49. Be4 Qe2 50. Rc5+ Kf6 51. g5+ Ke7 52. Bxh7 Qg4+
53. Kf1 Qh3+ 0-1

[Event "ENCI Limburg-open B"]
[Site "Maastricht"]
[Date "2010.05.21"]
[Round "1"]
[White "Jurrius, Theo"]
[Black "Whitmire, James David"]
[Result "0-1"]
[WhiteElo "2016"]
[BlackElo "1957"]
[PlyCount "74"]
[EventDate "2010.05.21"]
[EventType "swiss"]
[EventRounds "7"]
[EventCountry "NED"]
[Source "P.Boonen"]
[SourceDate "2010.10.01"]

1. e4 c5 2. d4 cxd4 3. c3 dxc3 4. Nxc3 Nc6 5. Nf3 e6 6. Bc4 Qc7 7. Qe2 Nf6 8.
e5 Ng4 9. Bf4 f6 10. Nd5 exd5 11. exf6+ Nge5 12. O-O gxf6 13. Bxd5 d6 14. Nxe5
Nxe5 15. Qh5+ Kd8 16. Rac1 Qg7 17. Bxe5 fxe5 18. f4 Bg4 19. Qh4+ Be7 20. Qg3
Bf6 21. Qa3 Qe7 22. fxe5 Qxe5 23. Bxb7 Rb8 24. Rxf6 Rxb7 25. Rxd6+ Bd7 26. Rcd1
Re8 27. R6d3 Re7 28. Rf3 Re8 29. Rfd3 Rc7 30. Qa4 Re7 31. Qb3 Kc8 32. Qg8+ Re8
33. Qb3 Bg4 34. Rf1 Qc5+ 35. Kh1 Be2 36. Re1 Qf2 37. Qb4 Rf8 0-1

[Event "ENCI Limburg-open B"]
[Site "Maastricht"]
[Date "2010.05.21"]
[Round "1"]
[White "Lasschuit, Rene1"]
[Black "Bachaus, Sander"]
[Result "0-1"]
[WhiteElo "1917"]
[BlackElo "1777"]
[PlyCount "40"]
[EventDate "2010.05.21"]
[EventType "swiss"]
[EventRounds "7"]
[EventCountry "NED"]
[Source "P.Boonen"]
[SourceDate "2010.10.01"]

1. d4 Na6 2. Nf3 c6 3. g3 g6 4. Bg2 Bg7 5. O-O d6 6. e4 Qc7 7. h3 e5 8. Be3 Ne7
9. Nbd2 O-O 10. Qe2 f5 11. dxe5 dxe5 12. Qc4+ Kh8 13. Ng5 h6 14. Nf7+ Kh7 15.
f4 fxe4 16. g4 Nd5 17. Nxe5 Nxe3 18. Qxe4 Bxe5 19. fxe5 Nxf1 20. Nxf1 Be6 0-1

[Event "ENCI Limburg-open B"]
[Site "Maastricht"]
[Date "2010.05.21"]
[Round "1"]
[White "Maassen van de Brink, Koen"]
[Black "Roufs, Gerard"]
[Result "0-1"]
[WhiteElo "1824"]
[BlackElo "1984"]
[PlyCount "80"]
[EventDate "2010.05.21"]
[EventType "swiss"]
[EventRounds "7"]
[EventCountry "NED"]
[Source "P.Boonen"]
[SourceDate "2010.10.01"]

1. e4 c5 2. Nf3 e6 3. d4 cxd4 4. Nxd4 Nc6 5. Nc3 Qc7 6. Be3 a6 7. Bd3 Nf6 8.
Nxc6 bxc6 9. O-O d5 10. exd5 cxd5 11. Qd2 Bd6 12. g3 O-O 13. Bg5 Ng4 14. Qe2
Ne5 15. Rfe1 Nxd3 16. Qxd3 Rb8 17. b3 Bb7 18. Ne2 e5 19. Rad1 Rbc8 20. c3 Qc6
21. Qf3 Qb6 22. Qd3 Rfe8 23. Bc1 Re6 24. Rf1 Qc6 25. f3 Rf6 26. Be3 a5 27. Rc1
Ba6 28. Qd2 Ba3 29. Rcd1 Qb5 30. Nc1 Rfc6 31. f4 Rxc3 32. fxe5 Rc2 33. Qd4 Bb2
34. Qf4 Qb7 35. Nd3 d4 36. Bf2 Qd5 37. e6 fxe6 38. Rd2 Bb7 39. Be1 Qh1+ 40. Kf2
Qxh2# 0-1

[Event "ENCI Limburg-open B"]
[Site "Maastricht"]
[Date "2010.05.21"]
[Round "1"]
[White "Mohamedjoesoef, Rafiek"]
[Black "Van Meegen, Ruud"]
[Result "0-1"]
[WhiteElo "1795"]
[BlackElo "1956"]
[PlyCount "62"]
[EventDate "2010.05.21"]
[EventType "swiss"]
[EventRounds "7"]
[EventCountry "NED"]
[Source "P.Boonen"]
[SourceDate "2010.10.01"]

1. e4 c5 2. Nf3 d6 3. h3 Nc6 4. c3 Nf6 5. Bd3 g6 6. O-O Bg7 7. Bc2 O-O 8. Re1
b5 9. d4 cxd4 10. cxd4 Nb4 11. Bb3 Bb7 12. Nc3 a6 13. Bg5 d5 14. e5 Ne4 15. Rc1
Nxg5 16. Nxg5 e6 17. Nf3 Rc8 18. Qd2 Nc6 19. a3 Qb6 20. Bc2 Na5 21. b3 Rc7 22.
Na2 Rfc8 23. Re2 Bf8 24. b4 Nc4 25. Qd3 Bh6 26. Rb1 Nxa3 27. Qxa3 Rxc2 28. Rxc2
Rxc2 29. Nc1 Qc7 30. Nd3 Rc3 31. Rc1 Bxc1 0-1

[Event "ENCI Limburg-open B"]
[Site "Maastricht"]
[Date "2010.05.21"]
[Round "1"]
[White "Mollema, Thomas"]
[Black "Frijns, Raoul"]
[Result "1/2-1/2"]
[WhiteElo "1888"]
[BlackElo "1729"]
[PlyCount "71"]
[EventDate "2010.05.21"]
[EventType "swiss"]
[EventRounds "7"]
[EventCountry "NED"]
[Source "P.Boonen"]
[SourceDate "2010.10.01"]

1. e4 c5 2. Nf3 Nc6 3. d4 cxd4 4. Nxd4 Nf6 5. Nc3 e5 6. Ndb5 d6 7. Bg5 a6 8.
Na3 b5 9. Nd5 Be7 10. Nxe7 Qxe7 11. c3 O-O 12. Nc2 Be6 13. Bd3 d5 14. exd5 Bxd5
15. Bxf6 Qxf6 16. Bxh7+ Kxh7 17. Qxd5 Rad8 18. Qe4+ Kg8 19. Ne3 Rd6 20. Rd1
Rfd8 21. O-O Rd2 22. Rxd2 Rxd2 23. Qb1 Ne7 24. a3 Ng6 25. Qc1 Re2 26. b4 Nf4
27. Qd1 Ra2 28. Qb3 Rd2 29. a4 Qg5 30. g3 Nh3+ 31. Kg2 Qxe3 32. Kxh3 Rxf2 33.
Rxf2 Qxf2 34. Qd5 Qf1+ 35. Kg4 Qe2+ 36. Kh3 1/2-1/2

[Event "ENCI Limburg-open B"]
[Site "Maastricht"]
[Date "2010.05.21"]
[Round "1"]
[White "Mueller, Claudia"]
[Black "Mueller, Sven"]
[Result "0-1"]
[WhiteElo "2033"]
[BlackElo "1855"]
[PlyCount "78"]
[EventDate "2010.05.21"]
[EventType "swiss"]
[EventRounds "7"]
[EventCountry "NED"]
[Source "P.Boonen"]
[SourceDate "2010.10.01"]

1. b3 e5 2. Bb2 Nc6 3. e4 Bc5 4. Nf3 d6 5. Be2 Nf6 6. Nc3 Bg4 7. d3 a5 8. Qd2
h6 9. h3 Bxf3 10. Bxf3 Nd4 11. Na4 Ba7 12. Bxd4 Bxd4 13. c3 Ba7 14. O-O O-O 15.
d4 c6 16. Nb2 Qc7 17. Nc4 Rfe8 18. Rfe1 Rad8 19. Rad1 d5 20. exd5 e4 21. d6 Qd7
22. Be2 b5 23. Ne3 Qxd6 24. f3 Bb8 25. Nf1 Rd7 26. fxe4 Nxe4 27. Qd3 Rde7 28.
Bf3 Ng3 29. Rxe7 Rxe7 30. Ne3 Qf4 31. Ng4 Nf5 32. Bxc6 g6 33. Rf1 Qd6 34. Qf3
Ng3 35. Nxh6+ Kg7 36. Nxf7 Ne2+ 37. Kf2 Rxf7 38. Kxe2 Rxf3 39. Bxf3 Qa3 0-1

[Event "ENCI Limburg-open B"]
[Site "Maastricht"]
[Date "2010.05.21"]
[Round "1"]
[White "O'Gorman, Brendan"]
[Black "Gunther, Justin"]
[Result "1/2-1/2"]
[WhiteElo "1827"]
[BlackElo "1996"]
[PlyCount "90"]
[EventDate "2010.05.21"]
[EventType "swiss"]
[EventRounds "7"]
[EventCountry "NED"]
[Source "P.Boonen"]
[SourceDate "2010.10.01"]

1. Nf3 Nf6 2. c4 g6 3. Nc3 Bg7 4. e4 d6 5. d4 O-O 6. h3 e5 7. dxe5 dxe5 8. Qxd8
Rxd8 9. Bg5 Re8 10. Nd5 Nxd5 11. cxd5 f5 12. Bc4 Kh8 13. O-O-O h6 14. Be3 f4
15. Bd2 Nd7 16. Bc3 Bf8 17. d6 Bxd6 18. Bf7 Re7 19. Bxg6 Nc5 20. Rd5 Kg7 21.
Nh4 Kf6 22. g3 Be6 23. Rdd1 Na4 24. Bd2 Bxa2 25. gxf4 exf4 26. Rhg1 Be5 27. Bf5
Bf7 28. Ng6 Bxb2+ 29. Kc2 Bxg6 30. Rxg6+ Kf7 31. Rdg1 Rh8 32. Bxf4 Bd4 33. Bxh6
Rhe8 34. R6g2 Rh8 35. Rg6 Nc5 36. R1g4 Ne6 37. f4 Nf8 38. Bxf8 Rxf8 39. e5 Ke8
40. Be4 Be3 41. Bxb7 Rxf4 42. Bc6+ Kf7 43. Bd5+ Ke8 44. Bc6+ Kf7 45. Bd5+ Ke8
1/2-1/2

[Event "ENCI Limburg-open B"]
[Site "Maastricht"]
[Date "2010.05.21"]
[Round "1"]
[White "Pijlman, Rene"]
[Black "Brasse, Bram"]
[Result "1-0"]
[WhiteElo "1914"]
[BlackElo "1764"]
[PlyCount "117"]
[EventDate "2010.05.21"]
[EventType "swiss"]
[EventRounds "7"]
[EventCountry "NED"]
[Source "P.Boonen"]
[SourceDate "2010.10.01"]

1. e4 c5 2. Nc3 Nc6 3. f4 g6 4. Nf3 Bg7 5. Bb5 e6 6. Bxc6 bxc6 7. e5 Ba6 8. d3
Rb8 9. b3 d5 10. O-O Nh6 11. Ba3 Qa5 12. Na4 Bb5 13. Qd2 Qa6 14. Bxc5 Bxa4 15.
bxa4 Bf8 16. Bxf8 Kxf8 17. f5 Nxf5 18. g4 Qb6+ 19. d4 Ng7 20. Ng5 Rb7 21. a5
Qd8 22. a6 Rc7 23. Qf4 Qe8 24. Rab1 h6 25. Nxf7 Rxf7 26. Qxf7+ Qxf7 27. Rb8+
Ne8 28. Rxf7+ Kxf7 29. Rb7+ Kg8 30. Re7 Ng7 31. Rxa7 Kh7 32. Rb7 g5 33. a7 Ra8
34. Kf2 Kg6 35. Ke2 h5 36. h3 hxg4 37. hxg4 Nf5 38. gxf5+ Kxf5 39. Ke3 Kg4 40.
Re7 Kf5 41. Rf7+ Kg4 42. Kf2 Kh4 43. Re7 g4 44. Rh7+ Kg5 45. Kg3 Kg6 46. Re7
Kf5 47. c3 Rg8 48. Rb7 Ra8 49. a4 Kg5 50. a5 Kf5 51. a6 Kg5 52. Rf7 Rg8 53. Rf6
Ra8 54. Rxe6 Rxa7 55. Rxc6 Kf5 56. Rf6+ Ke4 57. Kxg4 Kd3 58. Rc6 Ke4 59. Kg5
1-0

[Event "ENCI Limburg-open B"]
[Site "Maastricht"]
[Date "2010.05.21"]
[Round "1"]
[White "Snoeck, Rene"]
[Black "Cromsigt, Jeroen"]
[Result "1-0"]
[WhiteElo "1985"]
[BlackElo "1825"]
[PlyCount "37"]
[EventDate "2010.05.21"]
[EventType "swiss"]
[EventRounds "7"]
[EventCountry "NED"]
[Source "P.Boonen"]
[SourceDate "2010.10.01"]

1. a3 e5 2. c4 b5 3. cxb5 a6 4. e3 axb5 5. Bxb5 c6 6. Be2 d5 7. Nf3 Bd6 8. b4
e4 9. Nd4 Bxb4 10. Bb2 Bf8 11. O-O Nf6 12. d3 Bd6 13. Nc3 h5 14. dxe4 dxe4 15.
Qc2 Bxh2+ 16. Kxh2 Ng4+ 17. Kg1 f5 18. Nxe4 Qh4 19. Nf3 1-0